Modern Food Microbiology (Record no. 216161)

MARC details
000 -LEADER
fixed length control field 00467nam a22001817a 4500
008 - FIXED-LENGTH DATA ELEMENTS--GENERAL INFORMATION
fixed length control field 251112b |||||||| |||| 00| 0 eng d
020 ## - INTERNATIONAL STANDARD BOOK NUMBER
International Standard Book Number 979-8-88715-105-2
050 ## - LIBRARY OF CONGRESS CALL NUMBER
Classification number QR115-H37 2023
Item number C.1
245 ## - TITLE STATEMENT
Title Modern Food Microbiology
250 ## - EDITION STATEMENT
Edition statement First edition
260 ## - PUBLICATION, DISTRIBUTION, ETC.
Place of publication, distribution, etc. USA
Name of publisher, distributor, etc. Oryson press
Date of publication, distribution, etc. 2023
300 ## - PHYSICAL DESCRIPTION
Extent VI-272P.
500 ## - GENERAL NOTE
General note It has an index
650 ## - SUBJECT ADDED ENTRY
Topical term or geographic name entry element Food -Microbiology
700 ## - ADDED ENTRY--PERSONAL NAME
Personal name Hastings Kiara
942 ## - ADDED ENTRY ELEMENTS (KOHA)
Source of classification or shelving scheme Library of Congress Classification
Koha item type Long Loan Book
Holdings
Withdrawn status Lost status Source of classification or shelving scheme Damaged status Not for loan Collection Home library Current library Shelving location Date acquired Inventory number Total checkouts Full call number Barcode Date last seen Copy number Price effective from Koha item type
    Library of Congress Classification     Medicine Kisii University Library Kisii University Library On Display 11/12/2025 109701   QR 115 .H37. 2023 000000024810 11/21/2025 C.1 11/12/2025 Long Loan Book
    Library of Congress Classification     Medicine Kisii University Library Kisii University Library On Display 11/12/2025 109702   QR 115 .H37. 2023 000000024815 11/12/2025 C.2 11/12/2025 Long Loan Book
    Library of Congress Classification     Medicine Kisii University Library Kisii University Library On Display 11/12/2025 109703   QR 115 .H37. 2023 000000024814 11/12/2025 C.3 11/12/2025 Long Loan Book
    Library of Congress Classification     Medicine Kisii University Library Kisii University Library On Display 11/12/2025 109704   QR 115 .H37. 2023 000000024813 11/12/2025 C.4 11/12/2025 Long Loan Book